[Event "6MCR_4D_1L_3S"]
[Site "?"]
[Date "2004.??.??"]
[Round "?"]
[White "Leiner, Raimund"]
[Black "Janecek, Josef"]
[Result "1-0"]
[WhiteElo "2312"]
[BlackElo "2195"]
[PlyCount "80"]
[EventDate "2004.??.??"]
[EventType "corr"]
[SourceDate "2004.06.03"]

1. e4 c5 2. Nf3 Nc6 3. d4 cxd4 4. Nxd4 e5 5. Nb5 d6 6. c4 Be7 7. N1c3 a6 8. Na3
Be6 9. Nc2 Bg5 10. Be2 h6 11. O-O Nf6 12. b3 Bxc1 13. Rxc1 O-O 14. Qd3 Qa5 15.
Rfd1 Rfd8 16. a3 Rac8 17. b4 Qc7 18. a4 a5 19. Nb5 Qe7 20. bxa5 Nxa5 21. Ne3
Rc5 22. f3 Ne8 23. Nd5 Bxd5 24. cxd5 Rdc8 25. Rxc5 Rxc5 26. Qd2 Qd8 27. Rb1 Nc4
28. Qc3 Na5 29. Qe1 Rc2 30. Bd3 Ra2 31. Qc3 Kh7 32. Kh1 g6 33. Bf1 Kg7 34. f4
f6 35. Qc1 Rf2 36. Bd3 Kh7 37. f5 gxf5 38. exf5 b6 39. Nc3 Qc7 40. Bb5 Qg7 1-0

[Event "6MCR_4D_1L_3S"]
[Site "?"]
[Date "2004.??.??"]
[Round "?"]
[White "Leiner, Raimund"]
[Black "Kolarik, Jiri"]
[Result "1/2-1/2"]
[WhiteElo "2312"]
[BlackElo "2342"]
[PlyCount "42"]
[EventDate "2004.??.??"]
[EventType "corr"]
[SourceDate "2004.06.03"]

1. e4 e6 2. d4 d5 3. Nd2 Nf6 4. e5 Nfd7 5. f4 c5 6. c3 Nc6 7. Ngf3 Qb6 8. Nb3
cxd4 9. Nfxd4 a5 10. a4 Nxd4 11. Nxd4 Bc5 12. Bb5 O-O 13. Be3 f6 14. exf6 Nxf6
15. O-O Bd7 16. Bxd7 Nxd7 17. Rb1 Qa6 18. Rf3 Rae8 19. b4 axb4 20. cxb4 Ba7 21.
a5 e5 1/2-1/2

[Event "6MCR_4D_1L_3S"]
[Site "?"]
[Date "2004.??.??"]
[Round "?"]
[White "Leiner, Raimund"]
[Black "Prchly, Milos"]
[Result "1/2-1/2"]
[WhiteElo "2312"]
[BlackElo "2268"]
[PlyCount "75"]
[EventDate "2004.??.??"]
[EventType "corr"]
[SourceDate "2004.06.03"]

1. e4 e5 2. Nf3 Nf6 3. Nxe5 d6 4. Nf3 Nxe4 5. d4 d5 6. Bd3 Nc6 7. O-O Be7 8.
Re1 Bg4 9. c3 f5 10. Qb3 Qd6 11. Nfd2 Nxd2 12. Nxd2 O-O 13. h3 Bh5 14. Qxb7
Rab8 15. Qa6 f4 16. Bf1 Bh4 17. Qd3 f3 18. Nxf3 Bxf3 19. gxf3 Ne7 20. Bg2 Ng6
21. b4 c6 22. Qe2 Rbe8 23. Be3 Re6 24. a4 Bg5 25. f4 Bxf4 26. Qg4 Bxe3 27. Rxe3
Ref6 28. Rae1 Nf4 29. Rg3 Qc7 30. Re5 Rg6 31. Qd1 Qf7 32. Qf1 h6 33. Ree3 Nh5
34. Rxg6 Qxg6 35. Qe2 Nf4 36. Qg4 Qf6 37. a5 h5 38. Qf3 1/2-1/2

[Event "6MCR_4D_1L_3S"]
[Site "?"]
[Date "2004.??.??"]
[Round "?"]
[White "Leiner, Raimund"]
[Black "Skalicky, Frantisek"]
[Result "1-0"]
[WhiteElo "2312"]
[BlackElo "2278"]
[PlyCount "103"]
[EventDate "2004.??.??"]
[EventType "corr"]
[SourceDate "2004.06.03"]

1. e4 c5 2. Nf3 Nc6 3. d4 cxd4 4. Nxd4 Nf6 5. Nc3 e5 6. Ndb5 d6 7. Bg5 a6 8.
Na3 b5 9. Bxf6 gxf6 10. Nd5 Bg7 11. Bd3 Ne7 12. Nxe7 Qxe7 13. O-O O-O 14. c4 f5
15. Qf3 bxc4 16. Nxc4 d5 17. exd5 e4 18. Qe3 Bb7 19. d6 Qf6 20. Bc2 Rac8 21. b3
Bd5 22. Rad1 Bxc4 23. bxc4 Rxc4 24. Bb3 Rc6 25. d7 Rd8 26. Qf4 Bh6 27. Qg3+ Kh8
28. Rd5 f4 29. Qh3 Rc3 30. Qh5 Bg7 31. Rfd1 Rc7 32. Rd6 Qe7 33. Qxf7 Qxf7 34.
Bxf7 Bf8 35. R6d5 Rc2 36. Bh5 Kg7 37. Bg4 Bc5 38. R5d2 Rc3 39. Kf1 e3 40. Rd5
Rc2 41. Be2 a5 42. a4 exf2 43. Re5 Bb6 44. Re7+ Kf6 45. Rxh7 Be3 46. Rh6+ Ke7
47. Bg4 Kf7 48. Rh7+ Kg8 49. Rh5 Bb6 50. h4 Bc7 51. Rb1 Kf7 52. Rbb5 1-0

[Event "6MCR_4D_1L_3S"]
[Site "?"]
[Date "2004.??.??"]
[Round "?"]
[White "Musil, Martin"]
[Black "Beran, Petr"]
[Result "1/2-1/2"]
[WhiteElo "2123"]
[BlackElo "2200"]
[PlyCount "77"]
[EventDate "2004.??.??"]
[EventType "corr"]
[SourceDate "2004.06.03"]

1. e4 c6 2. d4 d5 3. Nc3 dxe4 4. Nxe4 Nd7 5. Bc4 Ngf6 6. Ng5 e6 7. Qe2 Nb6 8.
Bd3 h6 9. N5f3 c5 10. dxc5 Bxc5 11. Ne5 Nbd7 12. Ngf3 Qc7 13. O-O O-O 14. Bf4
Bd6 15. Rfe1 Nxe5 16. Nxe5 b6 17. Rad1 Bb7 18. Bg3 Rad8 19. c3 Ba8 20. Bb1 Rfe8
21. a3 Bd5 22. Bd3 Bb3 23. Rd2 Qc5 24. Kh1 Be7 25. f4 Bd5 26. Bf2 Qc7 27. c4
Be4 28. Bxe4 Nxe4 29. Bxb6 Qxb6 30. Rxd8 Bxd8 31. Qxe4 Qxb2 32. Qc6 Rf8 33. Nd7
Bh4 34. Nxf8 Bxe1 35. Nxe6 Bb4 36. h4 Qxa3 37. Qe8+ Bf8 38. Nxf8 Qc1+ 39. Kh2
1/2-1/2

[Event "6MCR_4D_1L_3S"]
[Site "?"]
[Date "2004.??.??"]
[Round "?"]
[White "Musil, Martin"]
[Black "Kovar, Jan"]
[Result "1/2-1/2"]
[WhiteElo "2123"]
[BlackElo "2225"]
[PlyCount "74"]
[EventDate "2004.??.??"]
[EventType "corr"]
[SourceDate "2004.06.03"]

1. e4 e6 2. d4 d5 3. Nd2 c5 4. Ngf3 cxd4 5. exd5 Qxd5 6. Bc4 Qd6 7. O-O Nf6 8.
Nb3 Nc6 9. Nbxd4 Nxd4 10. Nxd4 a6 11. Re1 Qc7 12. Bb3 Bd6 13. Nf5 Bxh2+ 14. Kh1
O-O 15. Nxg7 Rd8 16. Qf3 Kxg7 17. Bh6+ Kg6 18. c3 Nh5 19. Bc1 Bf4 20. g4 Ng3+
21. fxg3 Bxc1 22. Raxc1 b6 23. Bc2+ Kg7 24. Be4 Ra7 25. Rc2 Bb7 26. Rh2 Bxe4
27. Qxe4 Qb7 28. Rxh7+ Kg8 29. Qxb7 Rxb7 30. Rh2 Rd3 31. Kg2 Rd2+ 32. Kh3 Rxh2+
33. Kxh2 Rd7 34. Re2 Kg7 35. Kg2 b5 36. Kf3 Kf6 37. Re4 Rd2 1/2-1/2

[Event "6MCR_4D_1L_3S"]
[Site "?"]
[Date "2004.??.??"]
[Round "?"]
[White "Musil, Martin"]
[Black "Kuta, Miroslav"]
[Result "0-1"]
[WhiteElo "2123"]
[BlackElo "2223"]
[PlyCount "70"]
[EventDate "2004.??.??"]
[EventType "corr"]
[SourceDate "2004.06.03"]

1. e4 c6 2. d4 d5 3. Nc3 dxe4 4. Nxe4 Nd7 5. Bc4 Ngf6 6. Ng5 e6 7. Qe2 Nb6 8.
Bd3 h6 9. N5f3 c5 10. dxc5 Bxc5 11. Ne5 Nbd7 12. Ngf3 Qc7 13. O-O O-O 14. Bf4
Bd6 15. Rfe1 Nxe5 16. Nxe5 b6 17. Rad1 Bb7 18. Bg3 Rfd8 19. c3 a6 20. a3 b5 21.
Kh1 Bd5 22. f4 Nd7 23. Bc2 Nf8 24. Rd4 f6 25. Ng4 Bc5 26. Rdd1 Bc4 27. Bd3 Rxd3
28. Rxd3 Rd8 29. f5 Qe7 30. Red1 Rxd3 31. Rxd3 exf5 32. Qxe7 Bxe7 33. Nf2 Bxd3
34. Nxd3 g5 35. Kg1 Kf7 0-1

[Event "6MCR_4D_1L_3S"]
[Site "?"]
[Date "2004.??.??"]
[Round "?"]
[White "Musil, Martin"]
[Black "Leiner, Raimund"]
[Result "1/2-1/2"]
[WhiteElo "2130"]
[BlackElo "2312"]
[PlyCount "50"]
[EventDate "2004.??.??"]
[EventType "corr"]
[SourceDate "2004.06.03"]

1. e4 c5 2. Nf3 Nc6 3. d4 cxd4 4. Nxd4 Nf6 5. Nc3 e5 6. Ndb5 d6 7. Bg5 a6 8.
Na3 b5 9. Bxf6 gxf6 10. Nd5 f5 11. Bd3 Be6 12. O-O Bxd5 13. exd5 Ne7 14. c3 Bg7
15. Qh5 e4 16. Bc2 Qc8 17. Rae1 O-O 18. Kh1 Rb8 19. f3 b4 20. fxe4 bxa3 21.
exf5 Ng6 22. f6 Bxf6 23. Rxf6 Rxb2 24. Bxg6 fxg6 25. Rxg6+ hxg6 1/2-1/2

[Event "6MCR_4D_1L_3S"]
[Site "?"]
[Date "2004.??.??"]
[Round "?"]
[White "Musil, Martin"]
[Black "Polak, Petr"]
[Result "1/2-1/2"]
[WhiteElo "2123"]
[BlackElo "2142"]
[PlyCount "80"]
[EventDate "2004.??.??"]
[EventType "corr"]
[SourceDate "2004.06.03"]

1. e4 c5 2. Nf3 d6 3. d4 cxd4 4. Nxd4 Nf6 5. Nc3 a6 6. Be2 e5 7. Nb3 Be7 8. O-O
O-O 9. Be3 Be6 10. Qd2 Nbd7 11. a4 Rc8 12. a5 Re8 13. Rfc1 Qc7 14. Nd5 Nxd5 15.
exd5 Bf5 16. Ra4 Nf6 17. f3 Qd7 18. Rb4 Bd8 19. c4 Bg6 20. Ra1 Nh5 21. Bf1 Nf6
22. Qf2 Rc7 23. Rd1 Qc8 24. c5 Be7 25. Rb6 Nd7 26. c6 bxc6 27. Bxa6 Qa8 28.
Rxc6 Rxc6 29. dxc6 Qxc6 30. Qe2 Rb8 31. Bc4 Nf6 32. Rc1 Qa4 33. Bf2 Ra8 34. f4
d5 35. fxe5 dxc4 36. exf6 Bxf6 37. Qxc4 Qxc4 38. Rxc4 Bxb2 39. Bb6 Bd3 40. Ra4
Bc3 1/2-1/2

[Event "6MCR_4D_1L_3S"]
[Site "?"]
[Date "2004.??.??"]
[Round "?"]
[White "Musil, Martin"]
[Black "Sedlacek, Tomas"]
[Result "1/2-1/2"]
[WhiteElo "2123"]
[BlackElo "2205"]
[PlyCount "38"]
[EventDate "2004.??.??"]
[EventType "corr"]
[SourceDate "2004.06.03"]

1. e4 e6 2. d4 d5 3. Nd2 Nf6 4. e5 Nfd7 5. Bd3 c5 6. c3 Nc6 7. Ne2 cxd4 8. cxd4
f6 9. exf6 Nxf6 10. Nf3 Bd6 11. O-O O-O 12. Bf4 Bxf4 13. Nxf4 Ne4 14. g3 Qf6
15. h4 g5 16. Bxe4 gxf4 17. Bc2 Qg7 18. Kh2 fxg3+ 19. fxg3 Bd7 1/2-1/2

[Event "6MCR_4D_1L_3S"]
[Site "?"]
[Date "2004.??.??"]
[Round "?"]
[White "Polak, Petr"]
[Black "Beran, Petr"]
[Result "1/2-1/2"]
[WhiteElo "2142"]
[BlackElo "2200"]
[PlyCount "115"]
[EventDate "2004.??.??"]
[EventType "corr"]
[SourceDate "2004.06.03"]

1. e4 c6 2. d4 d5 3. Nc3 dxe4 4. Nxe4 Nd7 5. Bc4 Ngf6 6. Nxf6+ Nxf6 7. c3 e6 8.
Nf3 Be7 9. O-O O-O 10. Qe2 b5 11. Bd3 Bb7 12. Bf4 a6 13. Be5 c5 14. dxc5 Bxc5
15. Rad1 Nd7 16. Bf4 Bd5 17. Rfe1 Nf6 18. Bg5 h6 19. Bh4 Qc7 20. Bxf6 gxf6 21.
Be4 Bxe4 22. Qxe4 Rad8 23. Rc1 f5 24. Qe2 Rd5 25. c4 bxc4 26. Rxc4 Qd6 27. Qc2
Rd8 28. h3 a5 29. Rf1 Kh7 30. a3 Rd7 31. Re1 Qb6 32. Rc1 Be7 33. Rc6 Qb5 34. a4
Qb8 35. Re1 Bf6 36. Rb1 Rd3 37. b3 Qb7 38. Rc8 Kg7 39. Rc6 R7d5 40. Rc4 Qd7 41.
Rf1 Qd6 42. Rc6 Qb4 43. Rb1 Qf4 44. Rc4 Qd6 45. Rf1 Qb6 46. Rb1 Be7 47. Rc3
Rxc3 48. Qxc3+ Bf6 49. Qe3 Qxe3 50. fxe3 Bc3 51. Kf2 e5 52. Rc1 Rd3 53. Ke2 e4
54. g3 Bf6 55. Rb1 Bc3 56. Rc1 Bf6 57. Rb1 h5 58. b4 1/2-1/2

[Event "6MCR_4D_1L_3S"]
[Site "?"]
[Date "2004.??.??"]
[Round "?"]
[White "Polak, Petr"]
[Black "Janecek, Josef"]
[Result "1-0"]
[WhiteElo "2142"]
[BlackElo "2195"]
[PlyCount "81"]
[EventDate "2004.??.??"]
[EventType "corr"]
[SourceDate "2004.06.03"]

1. e4 c5 2. Nf3 Nc6 3. d4 cxd4 4. Nxd4 e5 5. Nb5 d6 6. c4 Be7 7. N1c3 a6 8. Na3
Be6 9. Nc2 Bg5 10. Bd3 h6 11. O-O Nf6 12. Nd5 Rc8 13. b3 Bxc1 14. Rxc1 O-O 15.
Qf3 Bxd5 16. cxd5 Nd4 17. Nxd4 exd4 18. Rxc8 Qxc8 19. Qg3 Re8 20. f3 Nd7 21.
Qf2 Qc3 22. Rd1 Ne5 23. Bf1 d3 24. h3 b5 25. Qd2 Qd4+ 26. Kh1 Rc8 27. Bxd3 Rc3
28. Be2 Qc5 29. Bc4 Qb4 30. Bf1 Qc5 31. f4 Rc2 32. Qe1 Ng6 33. e5 Rxa2 34. e6
Ne7 35. exf7+ Kf8 36. Qe6 Qc3 37. Re1 Qf6 38. Qd7 Qxf7 39. Bd3 Rd2 40. Be4 g6
41. Bf3 1-0

[Event "6MCR_4D_1L_3S"]
[Site "?"]
[Date "2004.??.??"]
[Round "?"]
[White "Polak, Petr"]
[Black "Kovar, Jan"]
[Result "1/2-1/2"]
[WhiteElo "2142"]
[BlackElo "2225"]
[PlyCount "47"]
[EventDate "2004.??.??"]
[EventType "corr"]
[SourceDate "2004.06.03"]

1. e4 e6 2. d4 d5 3. Nd2 c5 4. Ngf3 cxd4 5. exd5 Qxd5 6. Bc4 Qd6 7. O-O Nf6 8.
Nb3 Nc6 9. Nbxd4 Nxd4 10. Nxd4 a6 11. Re1 Qc7 12. Bb3 Bd6 13. h3 O-O 14. c3 e5
15. Nc2 h6 16. Ne3 Rd8 17. Nd5 Nxd5 18. Bxd5 Bd7 19. Qh5 Bc6 20. Bb3 a5 21. a4
Ra6 22. Be3 b5 23. Qe2 Qb7 24. Qg4 1/2-1/2

[Event "6MCR_4D_1L_3S"]
[Site "?"]
[Date "2004.??.??"]
[Round "?"]
[White "Polak, Petr"]
[Black "Kuta, Miroslav"]
[Result "1/2-1/2"]
[WhiteElo "2223"]
[BlackElo "2142"]
[PlyCount "52"]
[EventDate "2004.??.??"]
[EventType "corr"]
[SourceDate "2004.06.03"]

1. e4 c6 2. d4 d5 3. Nc3 dxe4 4. Nxe4 Nd7 5. Bc4 Ngf6 6. Ng5 e6 7. Qe2 Nb6 8.
Bd3 h6 9. N5f3 c5 10. dxc5 Bxc5 11. Ne5 Nbd7 12. Ngf3 Qc7 13. O-O O-O 14. Bf4
Bd6 15. Rfe1 Nxe5 16. Nxe5 b6 17. Rad1 Bb7 18. Bg3 Rad8 19. c3 Ba8 20. Bb1 Qb7
21. f3 Be7 22. Qc2 Rxd1 23. Rxd1 Rd8 24. Rxd8+ Bxd8 25. Bf2 Qd5 26. Bd4 Be7
1/2-1/2

[Event "6MCR_4D_1L_3S"]
[Site "?"]
[Date "2004.??.??"]
[Round "?"]
[White "Polak, Petr"]
[Black "Leiner, Raimund"]
[Result "1/2-1/2"]
[WhiteElo "2142"]
[BlackElo "2359"]
[PlyCount "81"]
[EventDate "2004.??.??"]
[EventType "corr"]
[SourceDate "2004.06.03"]

1. e4 c5 2. Nf3 Nc6 3. d4 cxd4 4. Nxd4 e6 5. Nc3 Qc7 6. Be2 a6 7. O-O Nf6 8.
Be3 Bb4 9. Na4 O-O 10. Nxc6 bxc6 11. Nb6 Rb8 12. Nxc8 Rfxc8 13. Bxa6 Rd8 14.
Bd3 Bd6 15. Kh1 Be5 16. c3 Rxb2 17. Qc1 Ng4 18. f4 Nxe3 19. Qxb2 Bxf4 20. Qf2
Nxf1 21. Rxf1 g5 22. g3 Qd6 23. Be2 Be5 24. Qxf7+ Kh8 25. Rd1 Qb8 26. Qe7 Bxc3
27. Bg4 Qc8 28. Rd3 Ba1 29. Bxe6 Re8 30. Qxd7 Qxd7 31. Bxd7 Rxe4 32. Rd1 Bc3
33. Bxc6 Re1+ 34. Rxe1 Bxe1 35. Bf3 Kg7 36. Kg2 Kg6 37. Be4+ Kg7 38. Kf1 Ba5
39. g4 h5 40. gxh5 Kh6 41. Bg6 1/2-1/2

[Event "6MCR_4D_1L_3S"]
[Site "?"]
[Date "2004.??.??"]
[Round "?"]
[White "Polak, Petr"]
[Black "Sedlacek, Tomas"]
[Result "1-0"]
[WhiteElo "2142"]
[BlackElo "2205"]
[PlyCount "69"]
[EventDate "2004.??.??"]
[EventType "corr"]
[SourceDate "2004.06.03"]

1. e4 e6 2. d4 d5 3. Nd2 Nf6 4. e5 Nfd7 5. Bd3 c5 6. c3 Nc6 7. Ne2 cxd4 8. cxd4
f6 9. exf6 Nxf6 10. Nf3 Bd6 11. O-O O-O 12. Bf4 Bxf4 13. Nxf4 Ne4 14. Ne2 Rxf3
15. gxf3 Ng5 16. Kh1 e5 17. Qb3 Kh8 18. Bc2 Be6 19. Rg1 Rc8 20. Qe3 Nh3 21. Rg3
Qf6 22. dxe5 Nxe5 23. Rc1 Rf8 24. Kg2 Nc4 25. Qd3 Qh4 26. Qc3 Qh6 27. Rd1 Nf4+
28. Nxf4 Rxf4 29. Rd4 Rf6 30. Bd3 Nb6 31. Qa5 Rf4 32. Rxf4 Qxf4 33. Qxa7 Qc7
34. a4 Nc8 35. Qe3 1-0

[Event "6MCR_4D_1L_3S"]
[Site "?"]
[Date "2004.??.??"]
[Round "?"]
[White "Prchly, Milos"]
[Black "Kolarik, Jiri"]
[Result "1/2-1/2"]
[WhiteElo "2268"]
[BlackElo "2342"]
[PlyCount "60"]
[EventDate "2004.??.??"]
[EventType "corr"]
[SourceDate "2004.06.03"]

1. d4 d5 2. c4 dxc4 3. Nf3 Nf6 4. e3 e6 5. Bxc4 c5 6. O-O a6 7. Qe2 b5 8. Bd3
cxd4 9. exd4 Be7 10. Bg5 Bb7 11. Nc3 O-O 12. Bxf6 Bxf6 13. Be4 Nc6 14. Rad1 Re8
15. Ne5 Qc7 16. f4 Rac8 17. Kh1 b4 18. Na4 Nxe5 19. fxe5 Bxe4 20. Qxe4 Be7 21.
Qg4 Red8 22. b3 Qa7 23. Rf4 h6 24. h3 Bg5 25. Rff1 Rd5 26. Rf3 Rc2 27. h4 Be7
28. a3 a5 29. axb4 axb4 30. Kh2 Rc8 1/2-1/2

[Event "6MCR_4D_1L_3S"]
[Site "?"]
[Date "2004.??.??"]
[Round "?"]
[White "Prchly, Milos"]
[Black "Kuta, Miroslav"]
[Result "1/2-1/2"]
[WhiteElo "2268"]
[BlackElo "2223"]
[PlyCount "82"]
[EventDate "2004.??.??"]
[EventType "corr"]
[SourceDate "2004.06.03"]

1. d4 Nf6 2. c4 g6 3. Nc3 Bg7 4. e4 d6 5. Be2 O-O 6. Bg5 Na6 7. Qd2 e5 8. Nf3
Qe8 9. dxe5 dxe5 10. O-O Nc5 11. Qe3 Ne6 12. Bh4 Ng4 13. Qd2 c6 14. c5 f6 15.
Bc4 Nh6 16. b4 Nf7 17. Rfd1 h5 18. Bg3 Bh6 19. Qc2 Kh8 20. Ne2 Rg8 21. a3 Qe7
22. h3 g5 23. h4 g4 24. Nd2 Rd8 25. Bh2 b5 26. Ba2 a5 27. Nb3 Rxd1+ 28. Rxd1
axb4 29. axb4 Qe8 30. Na5 Nfd8 31. Qc3 Ra7 32. f4 gxf3 33. Qxf3 Bg7 34. Rd2 Rd7
35. Rxd7 Bxd7 36. Qd3 Bh6 37. Bg3 Bc8 38. Be1 Nf4 39. Nxf4 Bxf4 40. Bd2 Bxd2
41. Qxd2 Kg7 1/2-1/2

[Event "6MCR_4D_1L_3S"]
[Site "?"]
[Date "2004.??.??"]
[Round "?"]
[White "Prchly, Milos"]
[Black "Musil, Martin"]
[Result "1-0"]
[WhiteElo "2268"]
[BlackElo "2123"]
[PlyCount "87"]
[EventDate "2004.??.??"]
[EventType "corr"]
[SourceDate "2004.06.03"]

1. d4 d5 2. c4 e6 3. Nc3 Nf6 4. Bg5 Be7 5. e3 O-O 6. Nf3 Nbd7 7. Rc1 a6 8. c5
c6 9. Bd3 e5 10. dxe5 Ne8 11. Bxe7 Qxe7 12. Qc2 h6 13. Ne2 Nxe5 14. Nxe5 Qxe5
15. O-O Nf6 16. Nd4 Re8 17. Rfe1 Ng4 18. Nf3 Qh5 19. a3 Ne5 20. Nxe5 Qxe5 21.
e4 Re7 22. Qb3 dxe4 23. Rxe4 Qf6 24. Rxe7 Qxe7 25. Qc3 Be6 26. Re1 Rd8 27. Re3
Rd5 28. b4 Qh4 29. Bc2 Rd7 30. h3 Qf4 31. Qe1 Rd4 32. Qe2 Qg5 33. g3 Qf6 34.
Bb3 Bxb3 35. Rxb3 Qf5 36. Kg2 Qd5+ 37. Qf3 Qd7 38. Re3 Kf8 39. Qe2 Qd5+ 40. Kh2
Qd7 41. Re4 Rd5 42. Qf3 Rf5 43. Qe2 Rd5 44. Qf3 1-0

[Event "6MCR_4D_1L_3S"]
[Site "?"]
[Date "2004.??.??"]
[Round "?"]
[White "Prchly, Milos"]
[Black "Polak, Petr"]
[Result "0-1"]
[WhiteElo "2268"]
[BlackElo "2142"]
[PlyCount "106"]
[EventDate "2004.??.??"]
[EventType "corr"]
[SourceDate "2004.06.03"]

1. d4 d5 2. c4 e6 3. Nc3 c6 4. Nf3 Nf6 5. e3 Nbd7 6. Bd3 dxc4 7. Bxc4 b5 8. Bd3
Bb7 9. O-O a6 10. e4 c5 11. d5 Qc7 12. dxe6 fxe6 13. Qe2 c4 14. Bc2 Bd6 15. Ng5
Nc5 16. f4 h6 17. Nh3 e5 18. fxe5 Bxe5 19. Bf4 O-O 20. Bxe5 Qxe5 21. Rf5 Qd4+
22. Qf2 Qxf2+ 23. Nxf2 Ne6 24. Rd1 Rad8 25. Nd5 Nxd5 26. exd5 Rxf5 27. Bxf5 Nf4
28. Be4 Kf7 29. g3 Nxd5 30. b3 Ke6 31. bxc4 bxc4 32. Bg2 Ke7 33. Rd4 Rd7 34.
Be4 c3 35. Rc4 Kd6 36. Bh1 Rc7 37. Ne4+ Ke5 38. Rxc7 Nxc7 39. Nxc3 Bxh1 40.
Kxh1 Kd4 41. Ne2+ Kd3 42. Nc1+ Kc3 43. Ne2+ Kb4 44. Kg2 Ka3 45. Kf3 Kxa2 46.
Ke3 a5 47. Kd2 Kb2 48. Nc3 Kb3 49. Ne4 Nd5 50. Nc5+ Kc4 51. Ne6 g5 52. h3 Nc3
53. g4 a4 0-1

[Event "6MCR_4D_1L_3S"]
[Site "?"]
[Date "2004.??.??"]
[Round "?"]
[White "Prchly, Milos"]
[Black "Sedlacek, Tomas"]
[Result "1/2-1/2"]
[WhiteElo "2268"]
[BlackElo "2205"]
[PlyCount "129"]
[EventDate "2004.??.??"]
[EventType "corr"]
[SourceDate "2004.06.03"]

1. d4 Nf6 2. c4 c5 3. d5 b5 4. cxb5 a6 5. bxa6 g6 6. g3 d6 7. Bg2 Bg7 8. Nh3
O-O 9. O-O Nxa6 10. Nc3 Qb6 11. Ng5 Nc7 12. e4 Nb5 13. Nxb5 Qxb5 14. Re1 Ng4
15. Nf3 Bd7 16. Bf1 c4 17. Qc2 Rfc8 18. h3 Ne5 19. Nd4 Qb7 20. Be3 Nd3 21. Reb1
Ba4 22. Qd2 Nc5 23. f3 Bd7 24. Rc1 Ra4 25. Rab1 Nd3 26. Bxd3 cxd3 27. Rxc8+
Qxc8 28. Qxd3 Rxa2 29. g4 Qa8 30. f4 e6 31. dxe6 fxe6 32. b3 h6 33. Re1 Qb7 34.
Bf2 e5 35. Nf3 exf4 36. Qxd6 Ra6 37. Qd3 Kh7 38. Nd4 Be5 39. Qc4 Be8 40. Qd5
Qe7 41. Nf3 Bc3 42. Rc1 Bg7 43. Bc5 Qc7 44. b4 Ra3 45. Kf2 Bf7 46. Qd6 Qb7 47.
Qxf4 g5 48. Qg3 Ra2+ 49. Kg1 Qxe4 50. Re1 Qc2 51. Ne5 Bd5 52. Qd3+ Qxd3 53.
Nxd3 h5 54. gxh5 Kh6 55. Re7 Bf6 56. Rd7 Bc4 57. Nf2 Bc3 58. Bd4 Bxd4 59. Rxd4
Be2 60. Ne4 Bf3 61. Nf6 Rg2+ 62. Kf1 Rb2 63. h4 Bxh5 64. hxg5+ Kxg5 65. Nxh5
1/2-1/2

[Event "6MCR_4D_1L_3S"]
[Site "?"]
[Date "2004.??.??"]
[Round "?"]
[White "Sedlacek, Tomas"]
[Black "Beran, Petr"]
[Result "0-1"]
[WhiteElo "2205"]
[BlackElo "2200"]
[PlyCount "76"]
[EventDate "2004.??.??"]
[EventType "corr"]
[SourceDate "2004.06.03"]

1. d4 Nf6 2. Bg5 Ne4 3. h4 d5 4. Nd2 Bf5 5. e3 h6 6. Bf4 e6 7. g4 Bh7 8. Nxe4
Bxe4 9. f3 Bh7 10. Bd3 Bxd3 11. Qxd3 c5 12. Bxb8 Rxb8 13. f4 cxd4 14. exd4 Bd6
15. Ne2 h5 16. f5 Qf6 17. fxe6 Qxe6 18. gxh5 Kf8 19. O-O-O Re8 20. Nc3 Rxh5 21.
Kb1 g6 22. Nb5 a6 23. Nxd6 Qxd6 24. Qh3 Kg7 25. c3 Re4 26. Qc8 Qe7 27. Qc5 Qd7
28. c4 Rexh4 29. Rxh4 Rxh4 30. Qxd5 Qxd5 31. cxd5 Rh5 32. Kc2 Rxd5 33. Kd3 f5
34. a4 g5 35. Ke3 Kg6 36. Kf3 Rd7 37. a5 Kf6 38. Rd2 Rh7 0-1

[Event "6MCR_4D_1L_3S"]
[Site "?"]
[Date "2004.??.??"]
[Round "?"]
[White "Sedlacek, Tomas"]
[Black "Jandovsky, Viktor"]
[Result "0-1"]
[WhiteElo "2205"]
[BlackElo "2259"]
[PlyCount "82"]
[EventDate "2004.??.??"]
[EventType "corr"]
[SourceDate "2004.06.03"]

1. d4 Nf6 2. Bg5 d5 3. Bxf6 gxf6 4. e3 c5 5. dxc5 e6 6. Nc3 Bxc5 7. Qg4 Nc6 8.
O-O-O Bd7 9. Qg7 Ke7 10. Qh6 Ne5 11. Nf3 Nxf3 12. gxf3 Qa5 13. Kb1 Bb4 14. Ne2
Rag8 15. Nc1 Qb6 16. Be2 a5 17. e4 Rg6 18. Qh4 a4 19. exd5 Bc3 20. Nd3 Bb5 21.
d6+ Kf8 22. d7 Ke7 23. b3 Bxd7 24. Nf4 Rg5 25. Bc4 Rc5 26. Ne2 Be5 27. Rd3 Rhc8
28. Rhd1 R8c7 29. Qe4 Rxc4 30. Rxd7+ Rxd7 31. Rxd7+ Kxd7 32. Qxc4 axb3 33. cxb3
Qxf2 34. Qd3+ Bd6 35. h3 f5 36. f4 Ke7 37. Qb5 Kf6 38. a4 h5 39. a5 Qf1+ 40.
Kc2 Bxf4 41. a6 bxa6 0-1

[Event "6MCR_4D_1L_3S"]
[Site "?"]
[Date "2004.??.??"]
[Round "?"]
[White "Sedlacek, Tomas"]
[Black "Janecek, Josef"]
[Result "1/2-1/2"]
[WhiteElo "2205"]
[BlackElo "2195"]
[PlyCount "51"]
[EventDate "2004.??.??"]
[EventType "corr"]
[SourceDate "2004.06.03"]

1. d4 Nf6 2. Bg5 Ne4 3. h4 c5 4. d5 Qb6 5. Nd2 Nxg5 6. hxg5 g6 7. e4 d6 8. Nc4
Qc7 9. a4 Bg7 10. Qd2 Nd7 11. c3 Nb6 12. Nf3 Bd7 13. a5 Nxc4 14. Bxc4 Qb8 15.
Qe2 b5 16. axb6 axb6 17. Rxa8 Qxa8 18. O-O O-O 19. e5 Rb8 20. exd6 exd6 21. Qe7
Rd8 22. Qxd6 Bb5 23. Qf4 Bxc4 24. Qxc4 Qxd5 25. Qxd5 Rxd5 26. Ra1 1/2-1/2

[Event "6MCR_4D_1L_3S"]
[Site "?"]
[Date "2004.??.??"]
[Round "?"]
[White "Sedlacek, Tomas"]
[Black "Kovar, Jan"]
[Result "1/2-1/2"]
[WhiteElo "2205"]
[BlackElo "2225"]
[PlyCount "30"]
[EventDate "2004.??.??"]
[EventType "corr"]
[SourceDate "2004.06.03"]

1. d4 d5 2. Bg5 c6 3. e3 Qb6 4. Qc1 Bf5 5. Nf3 Nd7 6. Nbd2 e6 7. c4 Be7 8. c5
Qd8 9. Bxe7 Qxe7 10. Qc3 Ngf6 11. b4 O-O 12. Be2 Rfe8 13. O-O e5 14. Nxe5 Nxe5
15. dxe5 Qxe5 1/2-1/2

[Event "6MCR_4D_1L_3S"]
[Site "?"]
[Date "2004.??.??"]
[Round "?"]
[White "Sedlacek, Tomas"]
[Black "Leiner, Raimund"]
[Result "1/2-1/2"]
[WhiteElo "2205"]
[BlackElo "2312"]
[PlyCount "33"]
[EventDate "2004.??.??"]
[EventType "corr"]
[SourceDate "2004.06.03"]

1. d4 d5 2. Bg5 c6 3. e3 Bf5 4. Nf3 Qb6 5. Qc1 Nd7 6. Nbd2 e6 7. c4 Ngf6 8. c5
Qa5 9. a3 Be7 10. Be2 Qd8 11. Qc3 Ne4 12. Nxe4 Bxe4 13. Bxe7 Qxe7 14. b4 O-O
15. O-O Bxf3 16. Bxf3 e5 17. b5 1/2-1/2

[Event "6MCR_4D_1L_3S"]
[Site "?"]
[Date "2004.??.??"]
[Round "?"]
[White "Sedlacek, Tomas"]
[Black "Skalicky, Frantisek"]
[Result "1-0"]
[WhiteElo "2205"]
[BlackElo "2278"]
[PlyCount "51"]
[EventDate "2004.??.??"]
[EventType "corr"]
[SourceDate "2004.06.03"]

1. d4 Nf6 2. Bg5 Ne4 3. h4 d5 4. Nd2 Nxg5 5. hxg5 Bf5 6. e3 e6 7. g4 Bg6 8. f4
c5 9. Ngf3 Nc6 10. c3 cxd4 11. cxd4 Rc8 12. Nh4 Be4 13. Nxe4 dxe4 14. Kf2 Qd5
15. Rc1 Qxa2 16. Qc2 Ne7 17. Bb5+ Kd8 18. Bc4 Qa5 19. Qxe4 Qd2+ 20. Kg3 Qxb2
21. Nf3 Rc7 22. Rb1 Qc3 23. Rhc1 Qa3 24. Ne5 Nc6 25. Bxe6 fxe6 26. Rxc6 1-0

[Event "6MCR_4D_1L_3S"]
[Site "?"]
[Date "2004.??.??"]
[Round "?"]
[White "Skalicky, Frantisek"]
[Black "Kolarik, Jiri"]
[Result "0-1"]
[WhiteElo "2278"]
[BlackElo "2342"]
[PlyCount "78"]
[EventDate "2004.??.??"]
[EventType "corr"]
[SourceDate "2004.06.03"]

1. e4 e6 2. d4 d5 3. Nc3 Bb4 4. e5 c5 5. a3 Bxc3+ 6. bxc3 Ne7 7. Nf3 Bd7 8. a4
Qa5 9. Bd2 Bc6 10. Be2 c4 11. Qb1 Na6 12. O-O Bxa4 13. Bg5 b5 14. Bxe7 Kxe7 15.
Qc1 Qxc3 16. Bd1 Rhb8 17. Ra3 Qa5 18. c3 Kf8 19. Bxa4 bxa4 20. Qa1 Qb6 21. Rxa4
Nc7 22. Rb4 Qa6 23. Ra4 Qc6 24. Qa3+ Kg8 25. Qa1 a6 26. Ra5 Rb6 27. Qa2 Qb7 28.
Qc2 Rb2 29. Qc1 Qb3 30. Nd2 Qc2 31. Qxc2 Rxc2 32. Nb1 Rb8 33. h4 Rb5 34. Ra1
Rb6 35. Ra5 h5 36. Kh2 Nb5 37. f4 Nxc3 38. Nxc3 Rxc3 39. Rd1 Rc2 0-1